000 00662nam a2200253Ia 4500
003 OSt
005 20221005030936.0
006 a|||||r|||| 00| 0
007 ta
008 221004b |||||||| |||| 00| 0 eng d
024 _a16708
037 _cTextual
040 _aCRL
_cCRL
_beng
041 _2eng
_aeng
082 _aw1(Y15).N, M5
100 _aKay Ernest Ed.
245 0 _aWorld who's who or women
250 _a8th
260 _aCambridge
_bInternational Biographical Centre
_c1985
300 _axxxix,793p.
_ccm.
650 _aBIOGRAPHY
942 _hw1(Y15).N, M5
_cTEXL
_2cc
999 _c936966
_d936966